<?xml version="1.0" encoding="UTF-8"?><?xml-stylesheet type="text/xsl" href="static/style.xsl"?><OAI-PMH xmlns="http://www.openarchives.org/OAI/2.0/" xmlns:xsi="http://www.w3.org/2001/XMLSchema-instance" xsi:schemaLocation="http://www.openarchives.org/OAI/2.0/ http://www.openarchives.org/OAI/2.0/OAI-PMH.xsd"><responseDate>2026-04-29T06:15:46Z</responseDate><request verb="GetRecord" identifier="oai:repisalud.isciii.es:20.500.12105/25542" metadataPrefix="marc">https://repisalud.isciii.es/rest/oai/request</request><GetRecord><record><header><identifier>oai:repisalud.isciii.es:20.500.12105/25542</identifier><datestamp>2025-12-18T12:57:51Z</datestamp><setSpec>com_20.500.12105_2203</setSpec><setSpec>com_20.500.12105_2202</setSpec><setSpec>col_20.500.12105_19585</setSpec></header><metadata><record xmlns="http://www.loc.gov/MARC21/slim" xmlns:dcterms="http://purl.org/dc/terms/" xmlns:doc="http://www.lyncode.com/xoai" xmlns:xsi="http://www.w3.org/2001/XMLSchema-instance" xsi:schemaLocation="http://www.loc.gov/MARC21/slim http://www.loc.gov/standards/marcxml/schema/MARC21slim.xsd">
   <leader>00925njm 22002777a 4500</leader>
   <datafield ind2=" " ind1=" " tag="042">
      <subfield code="a">dc</subfield>
   </datafield>
   <datafield ind2=" " ind1=" " tag="720">
      <subfield code="a">Instituto de Salud Carlos III. Gabinete de prensa</subfield>
      <subfield code="e">author</subfield>
   </datafield>
   <datafield ind2=" " ind1=" " tag="260">
      <subfield code="c">2024-11-18</subfield>
   </datafield>
   <datafield ind2=" " ind1=" " tag="520">
      <subfield code="a">El Instituto de Salud Carlos III (ISCIII), a través de su Unidad de Investigación en Cuidados y Servicios de Salud (Investén-isciii), ha celebrado en Castellón la 28º edición del Encuentro Internacional de Investigación en Cuidados. La cita ha reunido en la Universidad Jaume I a más de 350 enfermeras que han tenido la oportunidad de debatir temas de actualidad y compartir sus trabajos relacionados con ámbitos como la práctica basada en la evidencia, la fragilidad y el envejecimiento saludable, la salud mental y los cuidados materno-infantiles, entre otros. Esta nueva edición del Encuentro Internacional de Investigación en Cuidados ha girado este año en torno a tres ámbitos de gran importancia para la enfermería actual: la evolución de los cuidados en salud en la era digital, la llamada enfermería de práctica avanzada (EPA) y el estudio de las consecuencias sociosanitarias de la soledad no deseada. Para ello, el encuentro ha contado con ponentes nacionales e internacionales.</subfield>
   </datafield>
   <datafield ind1="8" ind2=" " tag="024">
      <subfield code="a">Noticia publicada en la web del ISCIII el 18/11/2024</subfield>
   </datafield>
   <datafield ind1="8" ind2=" " tag="024">
      <subfield code="a">https://hdl.handle.net/20.500.12105/25542</subfield>
   </datafield>
   <datafield tag="653" ind2=" " ind1=" ">
      <subfield code="a">Investigación en enfermería</subfield>
   </datafield>
   <datafield tag="653" ind2=" " ind1=" ">
      <subfield code="a">Investigación en cuidados</subfield>
   </datafield>
   <datafield tag="653" ind2=" " ind1=" ">
      <subfield code="a">Enfermería</subfield>
   </datafield>
   <datafield tag="653" ind2=" " ind1=" ">
      <subfield code="a">Servicios de salud</subfield>
   </datafield>
   <datafield tag="653" ind2=" " ind1=" ">
      <subfield code="a">Enfermería de práctica avanzada (EPA)</subfield>
   </datafield>
   <datafield tag="653" ind2=" " ind1=" ">
      <subfield code="a">Soledad no deseada</subfield>
   </datafield>
   <datafield tag="653" ind2=" " ind1=" ">
      <subfield code="a">Inteligencia artificial</subfield>
   </datafield>
   <datafield ind2="0" ind1="0" tag="245">
      <subfield code="a">Inteligencia artificial, enfermería de práctica avanzada y la soledad no deseada marcan el Encuentro de Investigación en Cuidados de Investén-ISCIII</subfield>
   </datafield>
</record></metadata></record></GetRecord></OAI-PMH>